00303nam a2200109Ia 4500008004000000082001600040100002500056245002900081260004500110300000800155650003000163210210b1979 xxu||||| |||| 00| 0 eng d a820.33 CHAF aCHAUDHURY (P C Roy). aFolk tales of Rajasthan. aN DbSterling Publishers Pvt Ltd.,c1979 a120 aFolk Tales of Rajasthan